[Event "Prague Summer op 1st"]
[Site "Prague"]
[Date "2014.08.11"]
[Round "3"]
[White "Weiss, Oliver"]
[Black "Suran, Jan"]
[Result "0-1"]
[WhiteElo "2238"]
[BlackElo "2366"]
[PlyCount "134"]
[EventDate "2014.08.09"]
[EventType "swiss"]
[EventRounds "9"]
[EventCountry "CZE"]
[SourceTitle "CBM 162 Extra"]
[Source "ChessBase"]
[SourceDate "2014.10.17"]
[SourceVersion "1"]
[SourceVersionDate "2014.10.17"]
[SourceQuality "1"]

1. d4 Nf6 2. Nf3 g6 3. Bg5 Bg7 4. Nbd2 0-0 5. e4 d5 6. Bd3 c5 7. e5 c4 8. Bxc4 dxc4 9. exf6 exf6 10. Be3 Be6 11. b3 b5 12. c3 Nd7 13. a4 a6 14. axb5 axb5 15. bxc4 bxc4 16. 0-0 Qc7 17. Re1 Bd5 18. Rxa8 Rxa8 19. Nf1 f5 20. Bd2 h6 21. Qe2 Qc6 22. Ne3 Re8 23. Qd1 Be4 24. Nc2 Re6 25. Nb4 Bxf3 26. Qxf3 Qxf3 27. gxf3 Rxe1+ 28. Bxe1 Nb6 29. Kf1 Bf8 30. Nc6 Bd6 31. h3 f6 32. Bd2 Kf7 33. Ke2 f4 34. Nd8+ Ke7 35. Nb7 g5 36. Bc1 Ke6 37. Nxd6 Kxd6 38. Ba3+ Ke6 39. Bc1 Nd5 40. Bd2 Kf5 41. Be1 Kg6 42. Bd2 Kh5 43. Kf1 f5 44. Kg2 Kh4 45. Kh2 h5 46. Kg2 g4 47. fxg4 fxg4 48. hxg4 hxg4 49. Kh2 Kg5 50. Kg2 Kh4 51. Kh2 f3 52. Kg1 Kh5 53. Kh2 Kg6 54. Kg3 Kf5 55. Kh4 Nf6 56. Be1 Ne4 57. d5 g3 58. fxg3 f2 59. Bxf2 Nxf2 60. d6 Ke6 61. g4 Ne4 62. g5 Kxd6 63. g6 Ke7 64. Kg4 Kf6 65. Kf4 Nxc3 66. Ke3 Nd5+ 67. Kd4 c3 0-1

[Event "Prague Summer op 1st"]
[Site "Prague"]
[Date "2014.08.09"]
[Round "1"]
[White "Weiss, Oliver"]
[Black "Stepanek, Svatopluk"]
[Result "1-0"]
[WhiteElo "2238"]
[BlackElo "1779"]
[PlyCount "89"]
[EventDate "2014.08.09"]
[EventType "swiss"]
[EventRounds "9"]
[EventCountry "CZE"]
[SourceTitle "CBM 162 Extra"]
[Source "ChessBase"]
[SourceDate "2014.10.17"]
[SourceVersion "1"]
[SourceVersionDate "2014.10.17"]
[SourceQuality "1"]

1. d4 d5 2. Nf3 Nf6 3. c3 a5 4. Bf4 e6 5. e3 a4 6. Bd3 Bd6 7. 0-0 0-0 8. Nbd2 Nbd7 9. Ne5 a3 10. b4 Nb6 11. Nb3 Na4 12. Qc2 Nb2 13. Be2 Nd7 14. Nd3 Bxf4 15. exf4 Nc4 16. Ne5 Nd6 17. Bd3 h6 18. Rfe1 Qh4 19. g3 Qh3 20. Re3 Nf5 21. Bxf5 Qxf5 22. Qxf5 exf5 23. Nxd7 Bxd7 24. Re7 Bc6 25. Na5 Rfc8 26. Nxc6 bxc6 27. Rae1 Kf8 28. Kf1 Ra7 29. R1e2 Rb7 30. Ke1 c5 31. dxc5 d4 32. Kd2 dxc3+ 33. Kxc3 Rcb8 34. c6 Rxb4 35. Rxc7 Re4 36. Rxe4 fxe4 37. Rd7 Rc8 38. c7 Ke8 39. Rd8+ Rxd8 40. cxd8R+ Kxd8 41. Kb3 Kc7 42. Kxa3 Kc6 43. Kb4 Kb6 44. f5 h5 45. Kc4 1-0

[Event "Goch op 23rd"]
[Site "Goch"]
[Date "2012.09.01"]
[Round "4"]
[White "Weiss, Oliver"]
[Black "Plum, Gregor H"]
[Result "1-0"]
[WhiteElo "2014"]
[BlackElo "1272"]
[PlyCount "91"]
[EventDate "2012.08.30"]
[EventType "swiss"]
[EventRounds "7"]
[EventCountry "GER"]
[SourceTitle "EXT 2015"]
[Source "ChessBase"]
[SourceDate "2014.11.20"]
[SourceVersion "1"]
[SourceVersionDate "2014.11.20"]
[SourceQuality "1"]

1. Nf3 Nf6 2. c4 c5 3. g3 Nc6 4. Bg2 e6 5. 0-0 Be7 6. e3 d5 7. b3 dxc4 8. bxc4 0-0 9. Nc3 a6 10. a4 Rb8 11. Rb1 Qd3 12. Ne1 Qd7 13. Ba3 b6 14. Qe2 Ne5 15. f4 Nc6 16. Nf3 Rd8 17. Rfd1 Qc7 18. d3 Na5 19. Ne5 Bb7 20. e4 Rd4 21. Nf3 Rdd8 22. e5 Bxf3 23. Qxf3 Ne8 24. Bc1 Rdc8 25. Qh5 Nc6 26. Be4 g6 27. Qf3 Nd4 28. Qf2 Ng7 29. g4 f5 30. exf6 Bxf6 31. g5 Be7 32. Re1 Rf8 33. Qh4 Ndf5 34. Qh3 Bd6 35. Rf1 Nd4 36. Qg4 Nh5 37. Be3 Nxf4 38. h4 Nh5 39. Bxd4 Bh2+ 40. Kh1 Ng3+ 41. Kg2 Nxf1 42. Qxe6+ Rf7 43. Rxf1 Qg3+ 44. Kh1 Rbf8 45. Rxf7 Rxf7 46. Qe8+ 1-0